00432nam a2200157Ia 4500003000400000005001700004008004000021020001800061040000700079041001200086082001500098100002100113245009800134260002900232300001300261OSt20241018161131.0210210b1995 xxu||||| |||| 00| 0 eng d a9780747574569 cAL aEnglish a152.4 GOLE aGOLEMAN (Daniel) aEmotional intelligence why it can matter more than IQ and working with emotional intelligence aLondonbBloomsburyc1995 axiv, 383